00378nam a2200121Ia 4500100001200000942000700012654002400019245003200043260000900075546001200084999001700096952014300113 aauthor  cBK aRegression analysis aApplied Regression Analysis b#N/A aENGLISH c35370d35370 001040708CRCaCRCEbCRCEd2023-03-17eAll India Book Houseg1000.00iMRG project 1085l0o p25796r2023-03-17v1000.00w0000-00-00yBK